<?xml version="1.0" encoding="UTF-8"?><?xml-stylesheet type="text/xsl" href="static/style.xsl"?><OAI-PMH xmlns="http://www.openarchives.org/OAI/2.0/" xmlns:xsi="http://www.w3.org/2001/XMLSchema-instance" xsi:schemaLocation="http://www.openarchives.org/OAI/2.0/ http://www.openarchives.org/OAI/2.0/OAI-PMH.xsd"><responseDate>2026-06-01T17:38:43Z</responseDate><request verb="GetRecord" identifier="oai:riuma.uma.es:10630/7311" metadataPrefix="marc">https://riuma.uma.es/rest/oai/request</request><GetRecord><record><header><identifier>oai:riuma.uma.es:10630/7311</identifier><datestamp>2026-02-03T12:26:17Z</datestamp><setSpec>com_10630_2254</setSpec><setSpec>col_10630_37959</setSpec></header><metadata><record xmlns="http://www.loc.gov/MARC21/slim" xmlns:dcterms="http://purl.org/dc/terms/" xmlns:doc="http://www.lyncode.com/xoai" xmlns:xsi="http://www.w3.org/2001/XMLSchema-instance" xsi:schemaLocation="http://www.loc.gov/MARC21/slim http://www.loc.gov/standards/marcxml/schema/MARC21slim.xsd">
   <leader>00925njm 22002777a 4500</leader>
   <datafield ind2=" " ind1=" " tag="042">
      <subfield code="a">dc</subfield>
   </datafield>
   <datafield ind2=" " ind1=" " tag="720">
      <subfield code="a">Hernández Ledesma, Seny</subfield>
      <subfield code="e">author</subfield>
   </datafield>
   <datafield ind2=" " ind1=" " tag="260">
      <subfield code="c">2014-03-18</subfield>
   </datafield>
   <datafield ind2=" " ind1=" " tag="520">
      <subfield code="a">El servicio comunitario del estudiante de educación superior se estableció por decisión de la asamblea nacional de la república bolivariana de Venezuela en el año 2005, con la intención de integrar a la universidad con los miembros de  la comunidad,  mediante la participación activa y protagónica del sector estudiantil y del sector profesoral en la búsqueda de soluciones a los problemas nacionales, a través del diseño y ejecución de proyectos sociales.&#xd;
Utiliza el aprendizaje-servicio como una metodología que promueve el desarrollo de competencias a través de actividades educativas de servicio a la comunidad, basándose en la convicción de que puede ser un factor de transformación de la realidad social.&#xd;
El contenido de la conferencia se referirá a las bases legales del servicio, a los aspectos metodológicos implementados a través de cursos de los inducción y al impacto social, político y económico de la ejecución de algunos proyectos en la realidad nacional venezolana.</subfield>
   </datafield>
   <datafield ind1="8" ind2=" " tag="024">
      <subfield code="a">http://hdl.handle.net/10630/7311</subfield>
   </datafield>
   <datafield tag="653" ind2=" " ind1=" ">
      <subfield code="a">Trabajo social</subfield>
   </datafield>
   <datafield tag="653" ind2=" " ind1=" ">
      <subfield code="a">Universidad</subfield>
   </datafield>
   <datafield ind2="0" ind1="0" tag="245">
      <subfield code="a">El servicio comunitario, una experiencia de innovación educativa en Venezuela</subfield>
   </datafield>
</record>
</metadata></record></GetRecord></OAI-PMH>